LEADER 01656nam a2200289 i 4500 001 000000169028 003 CaOOAMICUS 005 20230120151101.0 008 080206s2007 it u000 u ita u 020 $a88-323-6086-8 040 $aSeMil$bita 110 2 $aUniversità degli Studi : Dipartimento di Scienze del linguaggio e letterature straniere comparate.$0(OLS)http://semarc/name/63412 245 10$aTra le lingue tra i linguaggi :$bcent'anni di Samuel Beckett : Milano, 30 novembre-1 dicembre 2006 /$cDipartimento di Scienze del Linguaggio e Letterature Straniere Comparate ; a cura di Mariacristina Cavecchi e Caroline Patey. 264 1$aMilano :$bCisalpino. Istituto editoriale Universitario,$c2007. 300 $a581 p. :$bill. ;$c24 cm. 490 1 $aQuaderni di Acme ;$v97 600 14$aBeckett, Samuel <1906-1989>.$0(OLS)http://semarc/subject/15594 700 1 $aPatey, Caroline.$0(OLS)http://semarc/name/63414 700 1 $aCavecchi, Mariacristina.$0(OLS)http://semarc/name/63413 830 0$aQuaderni di Acme / Università degli studi di Milano, Facoltà di lettere e filosofia ;$v97.$0(OLS)http://semarc/title/9934 850 $aSeMil 852 $aSeMil$W1$xVenegono$y1$m1W V 271$j236585$B120008$CSeMilBibl$Z2$F131214 $81 961 $aOmaggio: Ballarini mons. Marco 996 $6020$a88-323-6086-8$9(OLS)http://semarc/number/155874 996 $6245$aTra le lingue tra i linguaggi :$bcent'anni di Samuel Beckett : Milano, 30 novembre-1 dicembre 2006$9(OLS)http://semarc/title/241738 996 $6264$aMilano :$bCisalpino. Istituto editoriale Universitario$9(OLS)http://semarc/publisher/35028 LEADER 01417nam a2200277 i 4500 001 000000200499 003 CaOOAMICUS 005 20141028000000.0 008 141028s1958 it u000 u ita u 013 $a179199 040 $aSeMil$bita 245 10$aOlfatto e sue correlazioni :$bAtti del 46. Congresso. Catania, 25-26-27-28 settembre 1958. Relazione ufficiale /$cpubblicati a cura di Emilio Liveriero ; relatori: Vincenzo Fortunato, Pietro Niccolini ; con la collaborazione di Guido Bartalena (Pisa) ... [et al.]. 260 $aCatania :$bTip. dell'Universita,$c[1958?] 300 $a698 p. :$bill., 24 tav. ;$c24 cm . 500 $aFondo card. Giovanni Colombo. 650 4$aOlfatto.$0(OLS)http://semarc/subject/37641 700 1 $aLiveriero, Emilio.$0(OLS)http://semarc/name/72469 700 1 $aBartalena, Guido.$0(OLS)http://semarc/name/72472 700 1 $aNiccolini, Pietro.$0(OLS)http://semarc/name/72471 700 1 $aFortunato, Vincenzo <1905-1980>.$0(OLS)http://semarc/name/72470 850 $aSeMil 852 $aSeMil$W1$xVenegono$y1$m3GC V 88$j151028$B151028$CSeMilBibl$Z2$F162331 $8B 941 1 $a3 961 $aLascito: Colombo Card. Giovanni 996 $6245$aOlfatto e sue correlazioni :$bAtti del 46. Congresso. Catania, 25-26-27-28 settembre 1958. Relazione ufficiale$9(OLS)http://semarc/title/289941 996 $6260$aCatania :$bTip. dell'Universita$9(OLS)http://semarc/publisher/51479